| 000 | 00649nam a22001937a 4500 | ||
|---|---|---|---|
| 005 | 20130508112344.0 | ||
| 010 | _aENG-106996 | ||
| 020 |
_a9788170006589 _c575.00 |
||
| 035 | _aEN-90529 | ||
| 037 | _bDBAD/PUB | ||
| 082 | _a025.00285 | ||
| 245 |
_aLibrary services : _bchallenges and solutions in digital era / _cedited by Sandhya Aggarwal ; foreworded by R.D. Mehla |
||
| 260 |
_aNew Delhi _bESS ESS Publications _c2012 |
||
| 270 |
_a4837/24, Ansari Road, Daryaganj _bNew Delhi _e110002 |
||
| 300 |
_aviii,190p.: _bill. _c22cm(Hb) |
||
| 500 | _aIncludes index | ||
| 700 | _aAggarwal, Sandhya | ||
| 942 |
_2ddc _cEN _h025.00285 _mAGG |
||
| 999 |
_c75163 _d75163 |
||